000 00528nam a22001937a 4500
003 KOHA_MİRAKIL
005 20250417165034.0
008 250417b tu ||||| |||| 00| 0 tur d
020 _a9789753439466
040 _aTR-AnABB
_btur
_cTR-AnABB
041 _atur
082 _a813.42
_bALT 2015
100 1 _aAltun, Eyyüp,
245 1 0 _aKızıl topraklar /
_cEyyüp Altun
260 _aİstanbul :
_bKaynak Yayınları,
_c2015
300 _a321 sayfa ;
_c22 cm
650 0 4 _aTürk edebiyatı, roman
942 _2ddc
_cBK
999 _c8769
_d8769
900 _bGizem YORULMAZ